| 000 | 01433nab a22002537a 4500 | ||
|---|---|---|---|
| 999 |
_c5363 _d5363 |
||
| 003 | OSt | ||
| 005 | 20250225231929.0 | ||
| 008 | 190603e xxum|||| |||| 00| 0 spa d | ||
| 040 | _cPJ-TDF | ||
| 100 |
_95502 _aBarocelli, Sergio Sebastián |
||
| 245 | 1 | 0 |
_aCriptomonedas y protección de consumidores / _cSergio Sebastián Barocelli. |
| 260 |
_cCiudad Autónoma de Buenos Aires : _aThomson Reuters La Ley, _b2024. |
||
| 300 | _ap. 51-61 | ||
| 500 | _aCita: TR LALEY AR/DOC/2920/2024. | ||
| 505 | _aSumario: I. Introducción.— II. La moneda: sus funciones y transformaciones.— III. El surgimiento de Bitcoin.— IV. La tecnología blockchain, criptomonedas y wallets.— V. Impactos de las criptomonedas en el mercado de consumo y su encuadre como relaciones de consumo.— VI. Consecuencias de la calificación como relaciones de consumo.— VII. Mercado "cripto" y políticas públicas de protección de consumidores.— VIII. A modo de conclusión. | ||
| 505 | _t¿Te interesa el texto completo? Solicitalo al correo: koha@justierradelfuego.gov.ar | ||
| 650 | 0 |
_92608 _aDERECHOS DEL CONSUMIDOR |
|
| 650 | 0 |
_92597 _aDEFENSA DEL CONSUMIDOR |
|
| 650 | 0 |
_94552 _aRELACION DE CONSUMO |
|
| 650 | 0 |
_96399 _aMONEDA VIRTUAL |
|
| 650 | 0 |
_96398 _aCRIPTOMONEDA |
|
| 773 | 0 |
_02713 _93170 _dCiudad Autónoma de Buenos Aires : Thomson Reuters La Ley, 2015- _tRevista Código Civil y Comercial. Nº 6 - Diciembre 2024 |
|
| 942 |
_2udc _cANA |
||